Normal view
MARC view
Entry Topical Term
001 - CONTROL NUMBER
- control field: 37081
003 - CONTROL NUMBER IDENTIFIER
- control field: OSt
005 - DATE AND TIME OF LATEST TRANSACTION
- control field: 20211105135925.0
008 - FIXED-LENGTH DATA ELEMENTS
- fixed length control field: 211105|| aca||aabn | a|a d
040 ## - CATALOGING SOURCE
- Original cataloging agency: OSt
- Transcribing agency: OSt
150 ## - HEADING--TOPICAL TERM
- Topical term or geographic name entry element: Stellar spectral libraries
670 ## - SOURCE DATA FOUND
- Source citation: Work cat.: (OSt): Proceedings of the International workshop on stellar spectral libraries ( IWSSL 2017), February 6-10, 2017, Campos do, 2017